Ordinary girl (Hannah Montana) - lyrics - Statistics

General Stats
  • This quiz has been taken 77 times
  • The average score is 241 of 339
Answer Stats
Answer % Correct
I
97%
so
97%
So
97%
a
95%
A
95%
I'm
95%
an
92%
get
92%
Get
92%
girl
92%
or
92%
ordinary
92%
Sometimes
92%
bored
90%
just
90%
La
87%
be
85%
feel
85%
happy
85%
ignored
85%
lazy
85%
me
85%
on
85%
who
85%
Who
85%
my
82%
when
82%
own
79%
silly
79%
the
79%
The
79%
you
79%
you?
79%
have
77%
Dont
74%
dont
74%
don't
74%
Oh
74%
that
74%
to
74%
Wish
74%
And
72%
and
72%
But
72%
dreams
72%
in
72%
scared
72%
this
72%
want
72%
words
72%
choke
69%
could
69%
It
69%
it
69%
love
69%
am
67%
believe
67%
can
67%
for
67%
For
67%
see
67%
still
67%
with
67%
world
67%
all
64%
go
64%
happen
64%
Like
64%
underneath
64%
wishes
64%
Anything
62%
make
62%
out
62%
wanna
62%
what
62%
wrong
62%
yeah
62%
Yeah
62%
of
59%
strange
59%
they
59%
They
59%
things
59%
are
56%
fame
56%
really
56%
sing
56%
where
56%
da
54%
play
54%
probably
54%
role
54%
simple
54%
far
51%
songs
51%
sounds
51%
everything
49%
reach
49%
seem
49%
there
49%
ungrateful
49%
your
49%
Goodbye
46%
Hello
46%
say
46%
Suddenly
44%
How
41%
it's
41%
way
41%
about
38%
at
38%
life
38%
give
36%
knows
36%
Miss
36%
nothing
36%
people
36%
than
36%
little
33%
may
33%
show
33%
stumble
33%
blow
31%
fall
31%
feet
31%
here
31%
high
31%
larger
31%
long
31%
popular
31%
road
31%
time
31%
wind
31%
worry
31%
always
28%
back
28%
best
28%
cover
28%
luck
28%
magazine
28%
front
26%
Gotta
26%
Put
26%
foot
23%
forward
23%
One
23%
day
21%
fives
21%
pose
21%
again
15%
arrive
15%
Everywhere
15%
Strike
15%
paint
10%
No matching quizzes found
Score Distribution
Percent of People with Each Score
Percentile by Number Answered
Your Score History
You have not taken this quiz